Los sistemas productivos locales en América Latina: hacia un nuevo paradigma regional = The productive local system in Latin America: towards a new regional paradigm /
Se analiza el papel que la innovación tecnológica ha jugado sobre la formación y desarrollo de los Sistemas Productivos Locales (SPL), donde las habilidades y destrezas, unidas al conocimiento que circula en la red global, han dado lugar a un fenómeno que potencia al de cada uno por separado. El nue...
Kaydedildi:
| Yazar: | |
|---|---|
| Materyal Türü: | Metin |
| Konular: | |
| Etiketler: |
Etiketle
Etiket eklenmemiş, İlk siz ekleyin!
|
MARC
| LEADER | 00000 a a2200000 04500 | ||
|---|---|---|---|
| 001 | 44331 | ||
| 003 | |||
| 040 | |||
| 100 | |a Kuri Gaytán, Armando | ||
| 245 | |a Los sistemas productivos locales en América Latina: hacia un nuevo paradigma regional = |b The productive local system in Latin America: towards a new regional paradigm / |c Armando Kuri Gaytán | ||
| 500 | |a akuri_gaytan@hotmail.com | ||
| 520 | |a Se analiza el papel que la innovación tecnológica ha jugado sobre la formación y desarrollo de los Sistemas Productivos Locales (SPL), donde las habilidades y destrezas, unidas al conocimiento que circula en la red global, han dado lugar a un fenómeno que potencia al de cada uno por separado. El nuevo paradigma enfatizó el crecimiento endógeno, la investigación e innovación tecnológicos como motores del desarrollo. | ||
| 590 | |a RRH/FEBRERO2013 | ||
| 650 | |a CONOCIMIENTO | ||
| 650 | |a INNOVACION | ||
| 650 | |a TECNOLOGIA | ||
| 650 | |a CRECIMIENTO ECONOMICO | ||
| 650 | |a ECONOMIA | ||
| 650 | |a DESARROLLO | ||
| 650 | |a ORGANIZACION DE LA EMPRESA | ||
| 650 | |a AMERICA LATINA | ||
| 773 | |g número373 (2012), páginas 60-73 | ||
| 999 | |c 25306 |d 25306 | ||
